Streif Kitzbühel - Sieger Hahnenkamm-Rennen seit 2000 - Statistiken

Allgemein
  • Dieses Quiz wurde 65 mal gespielt
    15 seit der letzten Aktualisierung
  • Das Durchschnittsergebnis liegt bei 41 aus 94
Antwortstatistiken
Rennen Jahr Sieger Nation % Korrekt
Slalom 2017 Marcel Hirscher Österreich
86%
Slalom 2013 Marcel Hirscher Österreich
86%
Super G 2018 Aksel Lund Svindal Norwegen
79%
Super G 2016 Aksel Lund Svindal Norwegen
79%
Super G 2013 Aksel Lund Svindal Norwegen
79%
Kombination 2008 Bode Miller USA
79%
Kombination 2004 Bode Miller USA
79%
Super G 2026 Marco Odermatt Schweiz
79%
Super G 2025 Marco Odermatt Schweiz
79%
Slalom 2014 Felix Neureuther Deutschland
71%
Slalom 2010 Felix Neureuther Deutschland
71%
Abfahrt 2001 Hermann Maier Österreich
71%
Super G 2006 Hermann Maier Österreich
71%
Super G 2005 Hermann Maier Österreich
71%
Super G 2003 Hermann Maier Österreich
71%
Super G 2001 Hermann Maier Österreich
71%
Super G 2000 Hermann Maier Österreich
71%
Abfahrt 2020 Matthias Mayer Österreich
71%
Super G 2017 Matthias Mayer Österreich
71%
Abfahrt 2019 Dominik Paris Italien
64%
Abfahrt 2017 Dominik Paris Italien
64%
Abfahrt 2013 Dominik Paris Italien
64%
Super G 2015 Dominik Paris Italien
64%
Abfahrt 2018 Thomas Dreßen Deutschland
64%
Abfahrt 2023 Aleksander Aamodt Kilde Norwegen
57%
Zusatz Abfahrt 2022 Aleksander Aamodt Kilde Norwegen
57%
Abfahrt 2012 Didier Cuche Schweiz
57%
Abfahrt 2011 Didier Cuche Schweiz
57%
Abfahrt 2010 Didier Cuche Schweiz
57%
Abfahrt 2008 Didier Cuche Schweiz
57%
Super G 2010 Didier Cuche Schweiz
57%
Kombination 2013 Ivica Kostelić Kroatien
50%
Kombination 2012 Ivica Kostelić Kroatien
50%
Kombination 2011 Ivica Kostelić Kroatien
50%
Kombination 2010 Ivica Kostelić Kroatien
50%
Super G 2011 Ivica Kostelić Kroatien
50%
Kombination 2002 Kjetil André Aamodt Norwegen
50%
Kombination 2000 Kjetil André Aamodt Norwegen
50%
Kombination 2001 Lasse Kjus Norwegen
50%
Zusatz Abfahrt 2004 Lasse Kjus Norwegen
50%
Slalom 2024 Linus Straßer Deutschland
50%
Abfahrt 2004 Stephan Eberharter Österreich
50%
Abfahrt 2002 Stephan Eberharter Österreich
50%
Super G 2002 Stephan Eberharter Österreich
50%
Kombination 2016 Alexis Pinturault Frankreich
43%
Kombination 2015 Alexis Pinturault Frankreich
43%
Kombination 2014 Alexis Pinturault Frankreich
43%
Abfahrt 2022 Beat Feuz Schweiz
43%
Abfahrt 2021 Beat Feuz Schweiz
43%
Zusatz Abfahrt 2021 Beat Feuz Schweiz
43%
Abfahrt 2026 Giovanni Franzoni Italien
43%
Slalom 2018 Henrik Kristoffersen Norwegen
43%
Slalom 2016 Henrik Kristoffersen Norwegen
43%
Slalom 2000 Mario Matt Österreich
43%
Super G 2021 Vincent Kriechmayr Österreich
43%
Zusatz Abfahrt 2023 Vincent Kriechmayr Österreich
43%
Slalom 2001 Benjamin Raich Österreich
36%
Kombination 2006 Benjamin Raich Österreich
36%
Slalom 2025 Clément Noël Frankreich
36%
Slalom 2019 Clément Noël Frankreich
36%
Slalom 2026 Manuel Feller Österreich
36%
Abfahrt 2024 Cyprien Sarrazin Frankreich
29%
Zusatz Abfahrt 2024 Cyprien Sarrazin Frankreich
29%
Slalom 2022 Dave Ryding Vereinigtes Königreich
29%
Abfahrt 2009 Didier Défago Schweiz
29%
Super G 2014 Didier Défago Schweiz
29%
Abfahrt 2000 Fritz Strobl Österreich
29%
Abfahrt 2014 Hannes Reichelt Österreich
29%
Abfahrt 2025 James Crawford Kanada
29%
Abfahrt 2015 Kjetil Jansrud Norwegen
29%
Super G 2020 Kjetil Jansrud Norwegen
29%
Super G 2008 Marco Büchel Liechtenstein
29%
Abfahrt 2006 Michael Walchhofer Österreich
29%
Kombination 2003 Michael Walchhofer Österreich
29%
Slalom 2011 Jean-Baptiste Grange Frankreich
21%
Slalom 2008 Jean-Baptiste Grange Frankreich
21%
Super G 2019 Josef Ferstl Deutschland
21%
Abfahrt 2016 Peter Fill Italien
21%
Slalom 2023 Daniel Yule Schweiz
14%
Slalom 2020 Daniel Yule Schweiz
14%
Abfahrt 2003 Daron Rahlves USA
14%
Super G 2004 Daron Rahlves USA
14%
Slalom 2009 Julien Lizeroux Frankreich
14%
Slalom 2004 Kalle Palander Finnland
14%
Slalom 2003 Kalle Palander Finnland
14%
Super G 2009 Klaus Kröll Österreich
14%
Slalom 2002 Rainer Schönfelder Österreich
14%
Slalom 2012 Cristian Deville Italien
7%
Slalom 2006 Jean-Pierre Vidal Frankreich
7%
Slalom 2007 Jens Byggmark Schweden
7%
Zusatz Abfahrt 2007 Jens Byggmark Schweden
7%
Slalom 2005 Manfred Pranger Österreich
7%
Slalom 2015 Mattias Hargin Schweden
7%
Kombination 2009 Silvan Zurbriggen Schweiz
0%
Keine übereinstimmenden Quizze gefunden
Verteilung der Resultate
Anzahl Personen mit jedem Resultat
Perzentil nach korrekt beantworteten Fragen
Ihre Resultats-Entwicklung
Sie haben dieses Quiz seit der letzten Aktualisierung nicht gespielt